Unser Schicksal - eine Mahnung für Euch ...

Titel: Unser Schicksal - eine Mahnung für Euch ... : Berichte und Erinnerungen der Häftlinge von Majdanek / Państwowe Muzeum na Majdanku. Hrsg., bearb. u. eingeleitet von Tomasz Kranz
Beteiligt:
Veröffentlicht: Lublin, 1994
Umfang: 229 S. : Ill., graph. Darst.
Format: Buch
Sprache: Deutsch
Schlagworte:
ISBN: 8390222701
Buchumschlag
X
Lokale Klassifikation: 36 8 M 31 ; 32 7 Nk
alg: 5053477
001A    $03004:22-11-96 
001B    $01999:12-05-23 $t19:18:03.000 
001C    $06002:02-03-06 $t07:12:16.000 
001D    $09999:99-99-99 
001U    $0utf8 
001X    $00 
002@    $0Aau 
003@    $0050534777 
003O    $034549643 $aOCoLC 
004A    $083-902227-0-1 
007A    $0050534777 $aHEB 
007T    $0Herdhh050534777 
007T    $0FBauInsta0002385 
009P    $qapplication/pdf $A2 $3Inhaltsverzeichnis $uhttp://scans.hebis.de/HEBCGI/show.pl?05053477_toc.pdf $mV:DE-576;B:DE-24 
010@    $ager 
011@    $a1994 
013H    $0z 
019@    $apl 
021A    $aUnser Schicksal - eine Mahnung für Euch ... $dBerichte und Erinnerungen der Häftlinge von Majdanek $hPaństwowe Muzeum na Majdanku. Hrsg., bearb. u. eingeleitet von Tomasz Kranz 
028C    $BRed. $7115384154 $8Kranz, Tomasz$Z1960- [Tp1] $9149599145 
033A    $pLublin 
034D    $a229 S. 
034M    $aIll., graph. Darst. 
044K    $#KZ Majdanek $#obóz koncentracyjny Majdanek $74268005-0 $8Konzentrationslager Majdanek [Tb1] $9086433342 
045F    $a900.94380904 $eDDC23BSB 
045F/01 $a900 
045F/03 $f0904 
045F/03 $f09043 
045F/03 $f09044 
045F/03 $g438 
045R    $aGeschichte 

lok: 5053477 24
101B    $004-12-02 $t09:40:44.577 
101C    $022-11-96 
145Z/01 $a36 8 M 31 
145Z/02 $a32 7 Nk 
101U    $0utf8 

exp: 5053477 24 1 #EPN
201B/01 $012-12-02 $t18:02:47.104 
201C/01 $022-11-96 
203@/01 $0105843474 
208@/01 $a22-11-96 $bz 
209A/01 $a96.3138 $du $f050 $h96 3138 $x00 
209C/01 $a96.3138 K $h96 3138 K 
209G/01 $a70013274 $x00 
247C/01 $8358050-7 Marburg, Bibliothek des Herder-Instituts Marburg $9102600961 
201U/01 $0utf8 

lok: 5053477 78

exp: 5053477 78 1 #EPN
201B/01 $019-04-17 $t18:03:20.000 
201U/01 $0utf8 
203@/01 $0793271665 
208@/01 $a12-11-16 $be 
209A/01 $a/ $f000 $x00 
237A/01 $aweiterführende Signatur(en): Herder-Institut: 96.3138 
244Z/01 $2Trx $#Poola $#Lenkija $#Polija $#Polen Land $#Poland $#Lengyelország $#Poľsko $#Polsko $8--Trx--Polska$gkraj $x01 $9391345966 
244Z/01 $2Trx $#mälestused $#atsiminimai $#Memoirs $#emlékezések $#wspomnienia $#spomienky $#vzpomínky $#memuaarid $#Memoiren $#pamiętniki $#pamäti $#paměti $8--Trx--Erinnerungen $x02 $9391357727 
245Z/01 $a06.04.03 $x01 
247C/01 $82080>Marburg/Lahn, Herder-Institut, Forschungsbibliothek, Bibliographieportal $9336309341 

lok: 5053477 106
101B    $012-09-18 $t17:26:03.000 
101C    $012-09-18 
101U    $0utf8 
144Z/01 $aErlebnisbericht 
144Z/02 $aPolen 
144Z/03 $aMajdanek 
144Z/04 $aVernichtungslager 
145Z/01 $aHolocaust/Vernichtungslager: Majdanek/Zeugnisse 

exp: 5053477 106 1 #EPN
201B/01 $012-09-18 $t17:26:03.000 
201C/01 $012-09-18 
201U/01 $0utf8 
203@/01 $01029696268 
208@/01 $a10-09-18 $br 
209A/01 $aH 09 mj z 1 $ds $f000 $hH 09 mj z 0001 $x00 
209C/01 $a00737 
247C/01 $82508>Frankfurt/M., Bibliothek des Fritz Bauer Instituts zur Geschichte und Wirkung des Holocaust $9403831741
LEADER 00000cam a2200000 c 4500
001 050534777
003 DE-603
005 20230512191803.0
007 tu
008 961122s1994 xx |||| | u00||u|ger c
020 |a 8390222701 
035 |a (DE-599)HEB050534777 
035 |a (OCoLC)34549643 
040 |a DE-603  |b ger  |c DE-603  |d DE-603 
041 |a ger 
082 0 4 |8 1\u  |a 900.94380904  |q DE-101  |2 23/BSB 
085 |8 1\u  |b 900 
085 |8 1\u  |z 1  |s 0904 
085 |8 1\u  |z 1  |s 09043 
085 |8 1\u  |z 1  |s 09044 
085 |8 1\u  |z 2  |s 438 
245 0 0 |a Unser Schicksal - eine Mahnung für Euch ...  |b Berichte und Erinnerungen der Häftlinge von Majdanek  |c Państwowe Muzeum na Majdanku. Hrsg., bearb. u. eingeleitet von Tomasz Kranz 
264 1 |a Lublin  |c 1994 
300 |a 229 S.  |b Ill., graph. Darst. 
610 1 7 |a Konzentrationslager Majdanek  |2 gnd  |0 (DE-588)4268005-0  |0 (DE-603)086433342 
648 7 |a Geschichte  |2 gnd 
700 1 |a Kranz, Tomasz  |d 1960-  |e Red.  |4 red  |0 (DE-603)149599145  |0 (DE-588)115384154  |2 gnd 
856 4 2 |m V:DE-576;B:DE-24  |q application/pdf  |u http://scans.hebis.de/HEBCGI/show.pl?05053477_toc.pdf  |3 Inhaltsverzeichnis 
924 0 |9 Mb 50  |a (DE-603)105843474  |b DE-Mb50  |c HES  |d c  |g 96.3138 
924 0 |9 2080  |a (DE-603)793271665  |b DE-2080  |c HES  |d d  |g / 
924 0 |9 2508  |a (DE-603)1029696268  |b DE-2508  |c HES  |d d  |g H 09 mj z 1